01483nam a2200433 b 4500001001000000003000900010005001700019007001000036008003900046016001300085017000900098020001500107040002500122041001100147080000600158082001700164130003200181245020800213250001200421260003700433300003500470504004300505650002900548650001900577700002200596700002100618700002000639700002100659700002800680700002700708700001800735700002900753910003700782942001200819945002700831952013600858956003800994999001701032 01707016DO-SdBNP20171113131212.0 01707016010913s2002 sp | ||| ||spa 7 a 2BPMUS a b  a0321055551 aBPMSUbspacBPMSUe 1 aspah  0a  4a659.2bR383p00aPublic relationslEspañol00a Relaciones públicas : bestrategias y tácticas / cDennis L. Wilcox , Phillip H. Ault, Warren K. Agee, Glen T. Cameron ; traducción Yago Moreno, José Hamad ; revisión técnica Jordi Xifra. a6ª ed.0 aMadrid :bAddison Wesley, c2002 axxvii, 618 p. : bil.; c25 cm aBibliografía: p. [597]-608. Índice 4aRELACIONES PÚBLICAS2  4aCORPORACIONES 12aWilcox, Dennis L.12aAult, Phillip H.12aAgee, Warren K.12aCameron, Glen T.12a Moreno, Yago , etr. 12aHamad, José , etr. 12aXifra, Jordi 1 aCapella, Isabel , eed.  aValidado. Control de calidad MFF 2ddccBK aInventariado, 2017/MFF 00102ddc40708CGaBPMETbBPMETd2016-06-13eDonado por Maritza Béezl0o659.2 R383ppBPMSU16060175r2016-06-13w2016-06-13yBK aVMATEOb10c20160613dBPMSUf0069 c10372d10372